A tiszti fegyverhasználat

Elmentve itt :
Bibliográfiai részletek
Szerző: Némethy Sándor
Dokumentumtípus: Cikk
Megjelent: 1936
Sorozat:Kolligátum
Kulcsszavak:Fegyverhasználat - tiszti
Online Access:http://misc.bibl.u-szeged.hu/22494
LEADER 00532nab a2200169 i 4500
001 misc22494
005 20191111110452.0
008 170830s1936 hu o 0|| zxx d
040 |a SZTE Miscellanea Repozitórium  |b hun 
041 |a zxx 
100 1 |a Némethy Sándor 
245 1 2 |a A tiszti fegyverhasználat  |h [elektronikus dokumentum] /  |c  Némethy Sándor 
260 |c 1936 
300 |a 1-59 
490 0 |a Kolligátum 
695 |a Fegyverhasználat - tiszti 
856 4 0 |u http://misc.bibl.u-szeged.hu/22494/1/11414_001-059.pdf  |z Dokumentum-elérés